000 01830cam a2200421 a 4500
001 4506469
003 OSt
005 20140310182723.0
008 980410s1999 maua b 001 0 eng
010 _a 98021173
020 _a0072929901 (alk. paper)
020 _a0075619423 (package)
020 _a0072929979 (disc)
040 _aDLC
_cDLC
_dDLC
050 0 0 _aHF 5721
_b.L629 1999
082 0 0 _aM 651.74
_28th ed.
_bL56 1999
100 1 _aLesikar, Raymond Vincent.
245 1 0 _aLesikar's basic business communication /
_cLesikar, Raymond V.; Pettit, John D. Jr.; Flatley, Marie E.
246 3 0 _aBasic business communication
246 1 _iTitle on disc:
_aStudent workbook on CD-ROM to accompany Lesikar's basic business communication
250 _a8th ed., International ed.
260 _aSingapore :
_bIrwin/McGraw-Hill,
_cc1999.
300 _axxi, 613 p. :
_bcol. ill. ;
_c28 cm. +
_e1 computer laser optical disc (4 3/4 in.)
504 _aIncludes bibliographical references (p. [598]-606) and index.
521 _aCollege Students
526 _c1210L-1700L
538 _aSystem requirements for accompanying computer disc: IBM PC, or 100% compatible with a 486/25 MHz processor, 8MB of RAM (16 MB recommended), double speed CD-RAM, Microsoft Window 95 and either Microsoft Explorer 3.0 or higher or Netscape Navigator 3.0 or higher.
541 _j1
562 _eFor circulation. 1 copy available in the collection
650 0 _aCommercial correspondence.
650 0 _aEnglish language
_xBusiness English.
650 0 _aBusiness communication.
700 1 _aPettit, John D.
700 1 _aFlatley, Marie Elizabeth.
906 _a7
_bcbc
_corignew
_d1
_eocip
_f19
_gy-gencatlg
942 _2lcc
_cBK
_kM
999 _c15361
_d15361